NASCAR 2025 Daytona 500 Results - Statistics

General Stats
  • This quiz has been taken 44 times
  • The average score is 10 of 41
Answer Stats
Hint Answer % Correct
1st: William Byron
97%
3rd: Jimmie Johnson
76%
2nd: Tyler Reddick
73%
5th: John Hunter Nemechek
39%
4th: Chase Briscoe
30%
41st: A.J. Allmendinger
27%
32nd: Ryan Preece
27%
6th: Alex Bowman
24%
8th: Austin Cindric
24%
39th: Helio Castroneves
24%
34th: Kyle Busch
24%
15th: Chase Elliott
21%
10th: Chris Buescher
21%
21st: Cole Custer
21%
24th: Denny Hamlin
21%
12th: Erik Jones
21%
35th: Joey Logano
21%
9th: Justin Allgaier
21%
38th: Martin Truex Jr.
21%
28th: Noah Gragson
21%
40th: Ross Chastain
21%
26th: Brad Keselowski
18%
31st: Christopher Bell
18%
22nd: Corey LaJoie
18%
20th: Kyle Larson
18%
11th: Michael McDowell
18%
18th: Ricky Stenhouse Jr.
18%
23rd: Austin Dillon
15%
29th: Bubba Wallace
15%
25th: Cody Ware
15%
37th: Josh Berry
15%
19th: Justin Haley
15%
17th: Riley Herbst
15%
7th: Ryan Blaney
15%
33rd: Shane Van Gisbergen
15%
14th: Ty Dillon
15%
16th: Ty Gibbs
15%
30th: Carson Hocevar
12%
13th: Daniel Suarez
12%
27th: Todd Gilliland
12%
36th: Zane Smith
12%
No matching quizzes found
Score Distribution
Percent of People with Each Score
Percentile by Number Answered
Your Score History
You have not taken this quiz